Role of women in agriculture - a study in Ganjan district of Orissa (Record no. 21028)

000 -LEADER
fixed length control field 00433pab a2200157 454500
008 - FIXED-LENGTH DATA ELEMENTS--GENERAL INFORMATION
fixed length control field 180718b1988 xxu||||| |||| 00| 0 eng d
100 ## - MAIN ENTRY--PERSONAL NAME
Personal name Bhuyan, B.
245 ## - TITLE STATEMENT
Title Role of women in agriculture - a study in Ganjan district of Orissa
260 ## - PUBLICATION, DISTRIBUTION, ETC.
Date of publication, distribution, etc. 1988
300 ## - PHYSICAL DESCRIPTION
Extent 445-52
362 ## - DATES OF PUBLICATION AND/OR SEQUENTIAL DESIGNATION
Dates of publication and/or sequential designation Jul
650 ## - SUBJECT ADDED ENTRY--TOPICAL TERM
Topical term or geographic name entry element Women in Agriculture - India - Orissa
700 ## - ADDED ENTRY--PERSONAL NAME
Personal name S.K. Tripathy
773 ## - HOST ITEM ENTRY
Main entry heading Journal of Rural Development
909 ## -
-- 21028
Holdings
Withdrawn status Lost status Damaged status Not for loan Permanent Location Current Location Date acquired Serial Enumeration / chronology Barcode Date last seen Price effective from Koha item type
        Indian Institute of Public Administration Indian Institute of Public Administration 2018-07-19 Volume no: 7, Issue no: 4 AR21097 2018-07-19 2018-07-19 Articles

Powered by Koha